000 01805nam a2200373 i 4500
001 ebr10785152
003 CaPaEBR
006 m o d
007 cr cn|||||||||
008 131108s2010 au acd ob 100 0 eng|d
020 _z9781847355553
020 _a9781847356567 (e-book)
040 _aCaPaEBR
_beng
_erda
_epn
_cCaPaEBR
035 _a(OCoLC)868971825
050 1 4 _aTS1890
_b.R83 2010eb
082 0 4 _a183
111 2 _aRubberChem International Conference Devoted to Rubber Chemicals, Compounding & Mixing
_n(7th :
_d2010 :
_cVienna, Austria),
_jissuing body.
245 1 0 _aRubber Chem 2010 :
_b7th International Conference Devoted to Rubber Chemicals, Compounding & Mixing : [conference proceedings] : Vienna, Austria, 30 November-1 December 2010 /
_corganised by Smithers.
246 3 0 _aRubber Chem 2010 :
_b7th International Conference Devoted to Rubber Chemicals, Compounding and Mixing
264 1 _aVienna :
_bSmithers Rapra Technology Limited,
_c2010.
300 _a1 online resource (183 pages) :
_billustrations, portraits
336 _atext
_2rdacontent
337 _acomputer
_2rdamedia
338 _aonline resource
_2rdacarrier
504 _aIncludes bibliographical references.
588 _aDescription based on online resource; title from PDF title page (ebrary, viewed November 8, 2013).
590 _aElectronic reproduction. Palo Alto, Calif. : ebrary, 2013. Available via World Wide Web. Access may be limited to ebrary affiliated libraries.
650 0 _aRubber chemicals
_vCongresses.
650 0 _aRubber industry and trade
_vCongresses.
655 0 _aElectronic books.
710 2 _aSmithers.
797 2 _aebrary.
856 4 0 _uhttp://site.ebrary.com/lib/rucke/Doc?id=10785152
_zAn electronic book accessible through the World Wide Web; click to view
999 _c135885
_d135885